Jak hledat zaměstnance v 21. století techniky moderního recruitmentu

Gespeichert in:
Bibliographische Detailangaben
1. Verfasser: Tegze, Jan
Format: Buch
Sprache:Tschechisch
Veröffentlicht: Praha GRADA 2019
Ausgabe:1. vydání
Schlagworte:
Tags: Tag hinzufügen
Keine Tags, Fügen Sie das erste Tag hinzu!

MARC

LEADER 00000nam a2200000 4500
001 0268476
005 20240221112855.3
020 |a 978-80-271-0551-9 
020 |a 978-80-271-2361-2 
020 |a 978-80-271-2362-9 
041 0 |a cze 
044 |a CZ 
245 1 0 |a Jak hledat zaměstnance v 21. století  |b techniky moderního recruitmentu  |c Jan Tegze 
250 |a 1. vydání 
264 1 |a Praha  |b GRADA  |c 2019 
300 |a 327 s. 
610 2 0 |a nábor pracovníkov 
610 2 0 |a miesta pracovné 
610 2 0 |a agentúry personálne 
610 2 0 |a vývoj 
610 2 0 |a práca personálna 
610 2 0 |a pracovníci odborní 
610 2 0 |a vzdelávanie 
610 2 0 |a spracovanie dát 
610 2 0 |a siete sociálne 
610 2 0 |a internet 
610 2 0 |a technológie nové 
610 2 0 |a recruitment 
100 1 |a Tegze, Jan